01741cam a22002175i 45000010009000000050017000090080041000260100017000670200018000840400023001020410008001250420008001330500018001411000026001592450098001852500019002832600035003023000028003375201107003656500051014722405323420250408081435.0250306s2025 nyu 000 0 eng  a 2025933569 a9781398619555 aDLCbengerdacDLC aeng apcc aHD30.28b2025 aMarr, Bernardeauthor10aAI strategyb: unleash the power of artificial intelligence in your businessc/ Bernard Marr. aFirst edition. aNew York :bKogan Page,c2025. axi, 312 pages ;c24 cm. aWith the rapid adoption of AI across all industries, it is vital that leaders ensure their organizations remain competitive and innovative. Bestselling author and futurist, Bernard Marr, provides a comprehensive overview of AI's impact on the business world and covers multiple dimensions of AI implementation. Providing leaders with the tools to harness the advantages of AI and manage its complexities, this book shows how to develop a practical blueprint and provides the strategic insights needed to succeed in the rapidly-changing world affected by AI. AI Strategy shows business leaders how to rapidly scale their AI strategy. It addresses the essential issues affecting every part of a business, from ethics, data management, compliancy and security to upskilling employees, risk management and upgrading existing technology infrastructure. Featuring real-world examples of AI strategy being applied across multiple organizations and industries, from energy, healthcare and education to marketing and HR, this book is the must-read guide to getting any business ready to unleash the power of AI. 0aArtificial intelligencexBusiness applications